000 01179nam a2200397 a 4500
001 21472
003 CZ PrNK
005 20260302132304.0
007 ta
008 081027s2008 xr a b 000 j slo
015 _acnb001824787
020 _a9788025209820
_q(váz.)
035 _a(OCoLC)276818683
040 _aABA001
_bcze
041 1 _aslo
_heng
072 7 _a821-93
_xLiteratura pro děti a mládež (beletrie)
_2Konspekt
080 _a821-93
_2MRF
080 _a821-32
_2MRF
080 _a(0:82-321.9)
_2MRF
245 0 0 _aWall-E /
_cpreložil Marián Šidlík
250 _a1. vyd.
260 _aV Prahe :
_bEgmont ČR,
_c2008
300 _a64 s. :
_bbarev. il. ;
_c29 cm
500 _aPřeloženo z angličtiny?
500 _aNad názvem: Disney, Pixar
655 7 _avědecko-fantastické příběhy
_2czenas
655 7 _apublikace pro děti
_2czenas
655 9 _ascience fiction stories
_2eczenas
655 9 _achildren's literature
_2eczenas
700 1 _aŠidlík, Marián,
_d1954-
_4aut
710 2 _aWalt Disney Enterprises
710 2 _aPixar (firma)
901 _b9788025209820
_f1. vyd.
_o20081222
910 _aABA001
942 _2ddc
_cKLDE
_n0
999 _c21472
_d21472